| 000 | 00598 a2200193 4500 | ||
|---|---|---|---|
| 999 |
_c5762 _d5762 |
||
| 010 | _aENG-87020 | ||
| 020 |
_a0070659490 _c495.00 |
||
| 035 | _aEN-70553 | ||
| 037 | _bDBAD / PUB | ||
| 082 | 1 | 4 | _a005.30681 |
| 100 | 1 | _aJones, Capers | |
| 245 | 1 |
_aEstimating software costs : _cby Capers Jones _bbringing realism to estimating / |
|
| 250 | _a2nd ed | ||
| 260 |
_aNew Delhi _bTata McGraw-Hill Publishing _c2007 |
||
| 270 |
_a7, West Patel Nagar, _bNew Delhi _e110 008 |
||
| 300 |
_axxvii, 653 p _c23 cm (Pbk) |
||
| 500 | _aIncludes index | ||
| 942 |
_adpl _cEN _2ddc _h005.30681 _mJON |
||